000 00622nam a22002297a 4500
003 UA-OsUOA
001 77584
007 ta
008 20110919b un ||||| |||| 00| 0 ukr d
100 _aГаал Д.Ш.
090 _a821.161.1(439)
_bГ12
942 _cBK
040 _aUA-OsUOA
_brus
_cUA-OsUOA
_dUA-OsUOA
245 _aЛист
_cмуз. ред. и прим. Л.Шкляревской
300 _a416 с.
955 _a3
041 _arus
080 _a821.161.1(439)
260 _aМ.
_bПравда
_c1985
650 7 _a82 Література. Літературознавство
_2UDC
999 _c363889
_d363889